| 000 | 01010nas a2200313 4500 | ||
|---|---|---|---|
| 001 | BR2015001364 | ||
| 003 | BR-BrBNA | ||
| 005 | 20231205125055.0 | ||
| 007 | ta | ||
| 008 | 230509b bl.|||p| |||| 00| 00por d | ||
| 040 |
_aBR-BrBNA _bpor _cBiblioteca Nacional de Agricultura |
||
| 041 | _a(Pt) | ||
| 072 | _aF30 | ||
| 100 | 1 | _aTeixeira, P.R.G. | |
| 100 | 1 | _aViana, A.E.S. | |
| 100 | 1 | _aCardoso, A.D. | |
| 100 | 1 | _aLopes, S.C. | |
| 100 | 1 | _aGuimarães, D.G. | |
| 100 | 1 | _aAndrade, A.C.B. | |
| 245 | 1 | _aCaracterísticas morfológicas de quatro variedades de mandioca de mesa cultivadas em Vitória da Conquista - BA | |
| 650 | _aMANDIOCA | ||
| 650 | _aMANIHOT ESCULENTA | ||
| 650 | _aVARIACAO GENETICA | ||
| 650 | _aGENOTIPO | ||
| 773 | 0 |
_tRevista Raízes e Amidos Tropicais (Brazil) _xISSN 1808-981X _g(2014), v. 10(1) p. 1-8 _wBR2015001364 |
|
| 856 | 4 | 0 | _uhttp://energia.fca.unesp.br/index.php/rat/article/view/1755/1070 |
| 909 |
_a202311 _bLúcia _c55 _dLúcia Elande |
||
| 942 |
_2AGRIS _n0 _cANA |
||
| 999 |
_c242478 _d242478 |
||